000 00909nam a22002897a 4500
001 0002009
003 KOHA_MİRAKIL
005 20260207001259.0
007 ta
008 090211b2001 tu |||gr||||#||||0|tur |
020 _a9757351636
040 _aTR-BiSEU
_btur
_cTR-BiSEU
_erda
041 0 _atur
044 _ctu
050 _aHC99
_b.K87 2001
245 0 _aKüreselleşen dünyada Türkiye ekonomisi :
_bserbest piyasa devriminin serüveni/
_ceditör Ömer Demir, Metin Toprak... [ve bşk.].
264 1 _aAnkara :
_bSiyasal Kitabevi
_c2001
300 _aVIII, 428 sayfa
336 _ametin
_btxt
_2rdacontent
337 _aaracısız
_bn
_2rdamedia
338 _acilt
_bnc
_2rdacarrier
650 0 _aTürkiye Ekonomik Durum.
_95858
650 0 _aTürkiye Ekonomik Politika.
_95859
650 0 _aFree Enterprise Turkey.
_95860
650 0 _aInternational Economic Relations.
_95642
942 _2lcc
_cBK
999 _c1996
_d1996